00744cam a2200217 a 450000100100000000500170001000800410002702000150006804000290008308200150011210000290012724501050015626000350026130000250029658600390032165000470036065000450040765000430045265000120049565000190050700000745120260317133557.0970226s1996 ck b 000 0 spa  a9586122514 aDO-SdBNPbspacLCdBNPHU a526bR579m1 aRincón, Carlos,d1940-10aMapas y pliegues :bensayos de cartografía cultural y de lectura de neobarroco /cCarlos Rincón. aBogotá :bColcultura,c1996. avi, 266 p. ;c21 cm. aPremios Nacionales de Cultura 1995 4aCartografíaxEnsayos, conferencias, etc. 4aArte barrocoxEnsayos, conferencias, etc 4aLiteraturaxEnsayos, conferencias, etc 0aCultura 4aPostmodernismo